The guinness book of astronomy (Record no. 9749)
[ view plain ]
| 000 -LEADER | |
|---|---|
| fixed length control field | 00610nam a2200205Ia 4500 |
| 003 - CONTROL NUMBER IDENTIFIER | |
| control field | IN-BaIIA |
| 008 - FIXED-LENGTH DATA ELEMENTS--GENERAL INFORMATION | |
| fixed length control field | 211028s9999 xx 000 0 eng d |
| 020 ## - INTERNATIONAL STANDARD BOOK NUMBER | |
| International Standard Book Number | 0-85112-375-9 |
| 040 ## - CATALOGING SOURCE | |
| Transcribing agency | IIA Library |
| 080 ## - UNIVERSAL DECIMAL CLASSIFICATION NUMBER | |
| Universal Decimal Classification number | 52 |
| Item number | MOO |
| 100 ## - MAIN ENTRY--PERSONAL NAME | |
| Personal name | Moore, Patrick |
| 9 (RLIN) | 3252 |
| 245 #4 - TITLE STATEMENT | |
| Title | The guinness book of astronomy |
| Statement of responsibility, etc. | Moore, Patrick |
| 250 ## - EDITION STATEMENT | |
| Edition statement | 3rd ed. |
| 260 ## - PUBLICATION, DISTRIBUTION, ETC. | |
| Place of publication, distribution, etc. | London |
| Name of publisher, distributor, etc. | Guinness Publications |
| Date of publication, distribution, etc. | 1988 |
| 300 ## - PHYSICAL DESCRIPTION | |
| Extent | 288p. |
| 650 ## - SUBJECT ADDED ENTRY--TOPICAL TERM | |
| Topical term or geographic name entry element | Astronomy |
| 9 (RLIN) | 80 |
| 650 ## - SUBJECT ADDED ENTRY--TOPICAL TERM | |
| Topical term or geographic name entry element | Astronomy -- Handbooks, manuals |
| 9 (RLIN) | 16502 |
| 650 ## - SUBJECT ADDED ENTRY--TOPICAL TERM | |
| Topical term or geographic name entry element | Astronomy and astrophysics thesaurus |
| 942 ## - ADDED ENTRY ELEMENTS (KOHA) | |
| Koha item type | Books |
| Withdrawn status | Lost status | Damaged status | Not for loan | Home library | Current library | Shelving location | Date acquired | Cost, normal purchase price | Total Checkouts | Full call number | Barcode | Date last seen | Cost, replacement price | Price effective from | Koha item type | Purchase Price |
|---|---|---|---|---|---|---|---|---|---|---|---|---|---|---|---|---|
| IIA Library-Bangalore | IIA Library-Bangalore | General Stacks | 233.60 | 52/ MOO | 10659 | 05/11/2021 | 233.60 | Books | Rs. 233.60 |